000 01163cam a2200301Mu 4500
005 20180601164026.0
008 151015s2006 sp ad fr 000 0 spa d
020 _a8497003535
020 _a9788497003537
035 _a(OCoLC)433995952
_z(OCoLC)777270953
040 _aCO-BoUCM
_bspa
_cJose A. Gerena
_dJose A. Gerena
041 0 _aspa
060 _aWA 100
245 0 0 _aIntervención social y comunitaria
_cMa. Isabel Hombrados Mendieta, Miguel Ángel García Martín, Trinidad López Espigares (coordinadores)
260 _aArchidona (Málaga, España)
_bAljibe
_c2006
300 _a331 páginas
_bilustraciones, cuadros, gráficas
504 _aIncluye referencias bibliográficas
650 7 _aSalud pública
_926556
650 7 _aAcción social
_98355
650 7 _aTrabajo social
_925600
650 7 _aAcción comunitaria
_98338
690 _942911
_aSalud pública
700 1 _aHombrados Mendieta, María Isabel
_ecoordinador
_972383
700 1 _aGarcía Martín, Miguel Ángel
_ecoordinador
_972384
700 1 _aLópez Espigares, Trinidad
_ecoordinador
_972385
942 _2NLM
_a26
_cLIBRO
_e1
_hWA 100
_mI619
_n0
999 _c301394
_d301394